000
00327nam a2200133Ia 4500
008
240624s9999 xx 000 0 und d
041
_a
eng
082
_a
153 FLE
100
_a
FLEISCHMAN PAUL
245
_a
CULTIVATING INNER PEACE
260
_c
2003
_a
Mumbai
_b
Embassy Books
300
_a
324 : p. : cm. ; 20
365
_c
RS
_b
25
999
_c
22278
_d
22278